000 01572nam a2200397 c 4500
003 BLK
005 20240622142619.0
008 180408b bul|||||r ||||||| ||bul||
010 _aKNG00079891000
020 _a978-954-733-463-2
_bиздат.: Прозорец
040 _aBLK
041 _aBUL
_cBUL
080 _aБългарска литература
_b821.163.2
_x(047.53)
_z821.163.2(047.53)
080 _aЛитература на отделни езици и езикови семейства
_b821
_x(047.53)
_z821(047.53)
080 _aПрофесии и видове деятели в изкуството
_b7.07
_x(047.53)
_z7.07(047.53)
100 1 _aСвиленов, Атанас
_eпърви автор
_gМитрев, Атанас Свиленов
_9364514
139 _aСвиленов, Атанас
_bС 26
245 1 0 _aПремеждия с интервюта
_cАтанас Свиленов.
257 _aBGR
260 София
_bПрозорец
_c2007
_fСофия : Инвестпрес
300 _a312 с.
_c20 см
380 _a82
650 0 _aПисатели, български - интервюта
_9286485
650 4 _aПисатели
_9166332
653 _aбългарски писатели
653 _aписатели
653 _aинтервюта
653 _aартисти
653 _aрежисьори
852 _aЦб 237366
856 4 _qpdf
_u
856 4 _qpdf
_u
942 _cKNG
_n0
944 _aCR
_c03.12.2007
_k30560
_lГеновева Генчева
944 _aED
_c16.06.2008
_k
999 _c75475
_d75475